Online katalóg knižníc regiónu Turca

O mackovi Maťkovi (Record no. 21763)

MARC details
000 -LEADER
fixed length control field 01751cam a2200505 a 4500
001 - CONTROL NUMBER
control field 21763
003 - CONTROL NUMBER IDENTIFIER
control field VRT
005 - DATE AND TIME OF LATEST TRANSACTION
control field 20260309141210.0
008 - FIXED-LENGTH DATA ELEMENTS--GENERAL INFORMATION
fixed length control field 200115s2016 xo a a 000 j slo
015 ## - NATIONAL BIBLIOGRAPHY NUMBER
National bibliography number SNBA2017/03
020 ## - INTERNATIONAL STANDARD BOOK NUMBER
International Standard Book Number 9788081147821
Qualifying information (viaz.)
035 ## - SYSTEM CONTROL NUMBER
System control number urn:nbn:sk:snk-am00cwv2
035 ## - SYSTEM CONTROL NUMBER
System control number urn:nbn:sk:snk-am3hmus
035 ## - SYSTEM CONTROL NUMBER
System control number FB245FD4-9163-49A3-ADDB-6E8128BFC42E
039 #9 - LEVEL OF BIBLIOGRAPHIC CONTROL AND CODING DETAIL [OBSOLETE]
Level of rules in bibliographic description 202001151559
Level of effort used to assign nonsubject heading access points VLOAD
Level of effort used to assign subject headings 201801241240
Level of effort used to assign classification VLOAD
Level of effort used to assign subject headings 201708180640
Level of effort used to assign classification mskpk06
Level of effort used to assign subject headings 201705111349
Level of effort used to assign classification msavuk02
040 ## - CATALOGING SOURCE
Original cataloging agency PPPK
Language of cataloging slo
Transcribing agency PPPK
Modifying agency SNK
Description conventions AACR2
041 0# - LANGUAGE CODE
Language code of text/sound track or separate title slo
044 ## - COUNTRY OF PUBLISHING/PRODUCING ENTITY CODE
MARC country code xo
ISO country code SK
072 #7 - SUBJECT CATEGORY CODE
Subject category code 821.162.4-3
Subject category code subdivision Slovenská próza
Source konspekt
072 #7 - SUBJECT CATEGORY CODE
Subject category code 821-93
Subject category code subdivision Literatúra pre deti a mládež (beletria)
Source konspekt
080 ## - UNIVERSAL DECIMAL CLASSIFICATION NUMBER
Universal Decimal Classification number 821.162.4-34
Edition identifier 2011
080 ## - UNIVERSAL DECIMAL CLASSIFICATION NUMBER
Universal Decimal Classification number 82-93-053.2
Edition identifier 2011
100 1# - MAIN ENTRY--PERSONAL NAME
Personal name Urgelová, Ivana
Relationship aut
-- ill
245 10 - TITLE STATEMENT
Title O mackovi Maťkovi
Remainder of title rozprávka z lesa
Statement of responsibility, etc. [text a ilustrácie] Ivana Urgelová
246 30 - VARYING FORM OF TITLE
Title proper/short title Rozprávka z lesa
250 ## - EDITION STATEMENT
Edition statement 1. vyd.
260 ## - PUBLICATION, DISTRIBUTION, ETC.
Place of publication, distribution, etc. Bratislava
Name of publisher, distributor, etc. Marenčin PT
Date of publication, distribution, etc. 2016
300 ## - PHYSICAL DESCRIPTION
Extent 30 s.
Other physical details fareb. ilustr.
Dimensions 24 cm
655 #7 - INDEX TERM--GENRE/FORM
Genre/form data or focus term slovenské rozprávky
Source of term SNKPH
655 #7 - INDEX TERM--GENRE/FORM
Genre/form data or focus term publikácie pre deti
Source of term SNKPH
655 #7 - INDEX TERM--GENRE/FORM
Genre/form data or focus term Slovak fairy tales
Source of term SNKPHeng
655 #7 - INDEX TERM--GENRE/FORM
Genre/form data or focus term Children’s literature
Source of term SNKPHeng
910 ## - USER-OPTION DATA (OCLC)
User-option data pppk
910 ## - USER-OPTION DATA (OCLC)
User-option data pokpoh
910 ## - USER-OPTION DATA (OCLC)
User-option data snk
910 ## - USER-OPTION DATA (OCLC)
User-option data savuk
910 ## - USER-OPTION DATA (OCLC)
User-option data skpk
942 ## - ADDED ENTRY ELEMENTS (KOHA)
Source of classification or shelving scheme Dewey Decimal Classification
Koha item type Krásna literatúra pre deti
Suppress in OPAC No
949 ## - LOCAL PROCESSING INFORMATION (OCLC)
6 270001000553395
a svkbbB 56116
b svkbbm 766406
949 ## - LOCAL PROCESSING INFORMATION (OCLC)
6 17A1252896
a snkSC 173097
b snk2017/3765
o 271/17
s 6100:20170308
949 ## - LOCAL PROCESSING INFORMATION (OCLC)
6 17A1252897
a snkSC 173097 D1
b snk2017/3766
o 271/17
949 ## - LOCAL PROCESSING INFORMATION (OCLC)
6 2889324633
a savukPV 23843
b savuk2017/1487
949 ## - LOCAL PROCESSING INFORMATION (OCLC)
6 273K0628912
a svkpoB 104025
b svkpo623646
Holdings
Stav vyradenia Strata Poškodenie Spôsob nadobudnutia Domovská knižnica Aktuálna knižnica Dátum nadobudnutia Total checkouts Čiarový kód exemplára Date last seen Typ exemplára
      Dar Obecná knižnica Turčianska Štiavnička Obecná knižnica Turčianska Štiavnička 09.03.2026   4738000375 09.03.2026 Krásna literatúra pre deti
Projekt je podporený Slovenskou asociáciou knižníc
Prevádzkuje Turčianska knižnica Martin 2026